Основные характеристики гамма-интроскопов с монокристаллическими зкранами / в диапазоне энергий проникающего излучения от 1 до 30 МЭВ /: Диссертация на соискание ученой степени кандидата технических наук

Dettagli Bibliografici
Autore principale: Громов Ю. В.
Ente Autore: Научно-исследовательский институт интроскопии
Altri autori: Ощепков П. К. (научный руководитель), Якобсон А. М.
Lingua:russo
Pubblicazione:
Soggetti:
Natura: MixedMaterials Libro
KOHA link:https://koha.lib.tpu.ru/cgi-bin/koha/opac-detail.pl?biblionumber=139725

MARC

LEADER 00000nbm0a2200000 4500
001 139725
005 20231031141837.0
035 |a (RuTPU)RU\TPU\book\151360 
090 |a 139725 
100 |a 20080610d1977 k y0rusy50 ca 
101 0 |a rus 
102 |a RU 
105 |a a m 001zy 
200 1 |a Основные характеристики гамма-интроскопов с монокристаллическими зкранами / в диапазоне энергий проникающего излучения от 1 до 30 МЭВ /  |e Диссертация на соискание ученой степени кандидата технических наук  |f Ю. В. Громов  |g Научно-исследовательский институт интроскопии ; науч. рук. П. К. Ощепков , А. М. Якобсон 
215 |a 183 л.  |c ил. 
320 |a Библиогр.: с. 175 - 183 ( 117 назв.) 
610 1 |a монокристаллические экраны 
610 1 |a гамма-интроскопы 
610 1 |a проникающие излучения 
610 1 |a пучки заряженных частиц 
610 1 |a передачи 
610 1 |a сцинтилляционные экраны 
610 1 |a флюорография 
610 1 |a телевизионные трубки 
610 1 |a экспериментальное исследование 
610 1 |a диссертации 
675 |a 62.15(04)  |v 3 
700 1 |a Громов  |b Ю. В. 
702 1 |a Ощепков  |b П. К.  |4 727 
702 1 |a Якобсон  |b А. М.  |4 727 
712 0 2 |a Научно-исследовательский институт интроскопии 
801 1 |a RU  |b 63413507  |c 20080610  |g PSBO 
942 |c BK